All Majors in CS:GO and CS2 - Statistics

General Stats
  • This quiz has been taken 45 times
  • The average score is 20 of 25
Answer Stats
Date Majors Winners % Correct
May 8–May 21, 2023 BLAST Paris Major 2023 Team Vitality
95%
March 13–16, 2014 EMS One Katowice 2014 Virtus.pro
95%
March 12–15, 2015 ESL One Katowice 2015 Fnatic
95%
February 13–March 3, 2019 IEM Katowice Major 2019 Astralis
95%
October 31–November 13, 2022 IEM Rio Major 2022 Outsiders (Virtus.pro)
95%
November 24–December 14, 2025 StarLadder Budapest Major 2025 Team Vitality
92%
August 23–September 8, 2019 StarLadder Major: Berlin 2019 Astralis
92%
July 16–23, 2017 PGL Major: Kraków 2017 Gambit Esports
86%
October 26–November 7, 2021 PGL Major Stockholm 2021 Natus Vincere
86%
October 28–November 1, 2015 DreamHack Open Cluj-Napoca 2015 Team EnVyUs
84%
August 14–17, 2014 ESL One Cologne 2014 Ninjas in Pyjamas
84%
August 20–23, 2015 ESL One Cologne 2015 Fnatic
84%
July 5–10, 2016 ESL One Cologne 2016 SK Gaming
84%
September 5–23, 2018 FACEIT Major: London 2018 Astralis
84%
June 2–21, 2026 (Upcoming) IEM Cologne Major 2026 -
84%
May 9–22, 2022 PGL Major Antwerp 2022 FaZe Clan
84%
June 3–22, 2025 BLAST Austin Major 2025 Team Vitality
81%
January 12–28, 2018 ELEAGUE Major: Boston 2018 Cloud9
81%
March 17–31, 2024 PGL Major Copenhagen 2024 Natus Vincere
81%
November 30–December 15, 2024 Perfect World Shanghai Major 2024 Team Spirit
78%
January 22–29, 2017 ELEAGUE Major 2017 Astralis
68%
November 28–30, 2013 Dreamhack Winter 2013 Fnatic
62%
November 25–December 13, 2026 (Upcoming) PGL Major Singapore 2026 -
54%
March 29–April 3, 2016 MLG Columbus 2016 Luminosity Gaming
51%
November 27–29, 2014 DreamHack Winter 2014 Team LDLC.com
43%
No matching quizzes found
Score Distribution
Percent of People with Each Score
Percentile by Number Answered
Your Score History
You have not taken this quiz